000 00797nam a2200241 a 4500
001 000024682
003 DO-SdBNP
005 20240206094656.0
008 110131s2001 pn a r 000 | spa d
020 _a9962811333
040 _aDO-SdBNP
_bspa
_cBNPHU
049 _aBNGR
082 4 _a330.9
_bM671h
_222
100 1 _aMiralles González, Miguel
_950608
245 1 0 _aHistoria humana y económica de puerto armuelles /
_cMiguel Miralles González; prólogo Manuel E. Barberena R.
260 _aPanamá :
_bMizrachi & Pujol,
_c2001.
300 _axx, 393 p. :
_bil. ;
_c23 cm.
650 4 _aHistoria económica
_950609
650 4 _aAsentamientos humanos
_950610
651 4 _aPanamá
_xCondiciones económicas
_945648
700 1 _aBarberena R., Manuel E.
_epról.
_950611
942 _2ddc
_cLBS1
999 _c24175
_d24175